000 00646cab a2200241 4500
001 ABS51865
008 090401t1994 xxu||||| |||| 00| 0 eng d
035 _a(Sirsi) u47679
041 _aeng
100 _aFoale, T.
245 _aGIS on route
260 _c1994
350 _a0
490 _aSurveyor
_v181(5315) 3 November 1994, 14-15(2)
520 _aShows how GIS were used in the creation of London`s red routes.
650 _aGIS
650 _aLONDON
650 _aRED ROUTES
690 _aMANAGEMENT-BUSINESS MANAGEMENT-INFORMATION MANAGEMENT
690 _aTRANSPORT AND COMMUNICATIONS
942 _n0
948 _c04/03/1997
999 _c30052
_d30052